000 02570nam a22002534a 4500
003 BOLpUSFA
005 20260407143953.0
008 t bo grm 001 | spa||
040 _aBOLpUSFA
041 _aspa
044 _aBO
082 _aICO0046
_bR696ePG
100 _aRodríguez Nina, Marco Antonio
245 _aEstudio de factibilidad para la creación de una Empresa Constructora en el Distrito 8, de la ciudad de El Alto.
260 _aEl Alto:
_bUniversidad Privada San Francisco de Asís. Carrera de Ingeniería Comercial,
_c2025
300 _a173 p.
502 _aModalidad: Proyecto de Grado - Tutora: Lic. Melody Mariel Vicente Canaviri
520 _aEl presente estudio de factibilidad tiene como objetivo evaluar la creación de una empresa constructora en el Distrito 8 de la ciudad de El Alto, una zona que ha experimentado un notable crecimiento poblacional y expansión urbana en los últimos años. Este dinamismo ha generado una creciente demanda de servicios básicos, principalmente en el ámbito de la construcción de viviendas, lo que representa una oportunidad concreta de inversión en el sector. La investigación se desarrolló aplicando una metodología integral que incluyó el análisis de mercado, la evaluación técnica y operativa, el diseño de estrategias de marketing, y un estudio económico-financiero. Con base en la capacidad de inversión y operación disponible, se proyectó una captación inicial moderada que permita un ingreso progresivo y sostenible al mercado, alineado con las condiciones reales del entorno. En el análisis financiero, se utilizaron costos reales (sin ajuste por inflación), con un horizonte temporal de 5 años y una tasa de descuento del 30%, expresando todos los valores en bolivianos (Bs). Los resultados muestran un Valor Actual Neto (VAN) de 107.581,15 Bs y una Tasa Interna de Retorno (TIR) del 41%, superando el rendimiento mínimo esperado. El punto de equilibrio se encuentra por debajo de la capacidad operativa proyectada, reforzando la viabilidad del negocio. En conclusión, el proyecto demuestra ser rentable, sostenible y estratégicamente alineado con la demanda habitacional del Distrito 8, contribuyendo así al desarrollo urbano de El Alto..
650 _aIngeniería Comercial
650 _aProyecto de Grado
650 _aEstudio de factibilidad
650 _aEmpresas constructoras
942 _2ddc
_cTE
_zLLO
999 _c9682
_d9682